Química inorgánica: principios de estructura y reactividad

Guardat en:
Dades bibliogràfiques
Autors principals: Huheey, James E (Autor), Keiter, Ellen A (Autor), Keiter, Richard L (Autor)
Format: Llibre
Idioma:espanyol
Publicat: Ciudad de México Oxford University 1997
Edició:4a. ed
Matèries:
Etiquetes: Afegir etiqueta
Sense etiquetes, Sigues el primer a etiquetar aquest registre!

MARC

LEADER 00000nam a2200000 a 4500
001 UCK7237
003 CL-VaPUC
008 051111e19970000MX |||||||||||||||||spa|d
020 |a 9706131620 
082 0 4 |a 546  |b HUH  |2 21 
100 |a Huheey, James E  |e author  |9 496752 
700 0 |a Keiter, Ellen A  |e author  |9 496753 
700 0 |a Keiter, Richard L  |e author  |9 496754 
245 1 0 |a Química inorgánica: principios de estructura y reactividad 
250 |a 4a. ed 
300 |a 1023 p 
942 |c BK 
945 |d 20051111 00:00:00  |a jtorresc 
260 |a Ciudad de México  |b Oxford University  |c 1997 
650 0 |a Química inorgánica  |9 260154 
650 0 |a Átomos  |9 259583 
650 7 |a MOLECULA  |2 CL-VaPUC  |9 389203 
650 0 |a Ácidos  |9 344389 
650 0 |a Reacciones químicas  |9 259438 
583 |a last modification  |c 20051111 00:00:00  |k Rodrigo Vera 
999 |c 315277  |d 315275 
952 |0 0  |1 0  |4 0  |6 546_000000000000000_HUH_1997  |7 0  |8 A  |9 388297  |a BIBCUR  |b BIBCUR  |d 2019-11-22  |i 418033K  |l 1  |o 546 HUH 1997  |p 418033K  |r 2025-04-22  |s 2024-09-23  |w 2019-11-22  |y BK  |k QUI 
952 |0 0  |1 0  |4 0  |6 546_000000000000000_HUH_1997  |7 0  |8 A  |9 388298  |a BIBCUR  |b BIBCUR  |d 2019-11-22  |i 4180348  |l 1  |o 546 HUH 1997  |p 4180348  |r 2025-04-22  |s 2020-03-17  |w 2019-11-22  |y BK  |k QUI 
952 |0 0  |1 0  |4 0  |6 546_000000000000000_HUH_1997  |7 0  |8 A  |9 388299  |a BIBCUR  |b BIBCUR  |d 2019-11-22  |i 4180356  |o 546 HUH 1997  |p 4180356  |r 2025-04-22  |w 2019-11-22  |y BK  |k QUI 
952 |0 0  |1 0  |4 0  |6 546_000000000000000_HUH_1997  |7 0  |8 A  |9 388300  |a BIBCUR  |b BIBCUR  |d 2019-11-22  |i 4180364  |o 546 HUH 1997  |p 4180364  |r 2025-04-22  |w 2019-11-22  |y BK  |k QUI 
952 |0 0  |1 0  |4 0  |6 546_000000000000000_HUH_1997  |7 0  |8 A  |9 388301  |a BIBCUR  |b BIBCUR  |d 2019-11-22  |i 4180372  |o 546 HUH 1997  |p 4180372  |r 2025-04-22  |w 2019-11-22  |y BK  |k QUI